Famous Ry, Bry & Bri's by Picture - Statistics

General Stats
  • This quiz has been taken 25 times
    19 since last reset
  • The average score is 6 of 9
Answer Stats
Picture Answer % Correct
Britney Spears
87%
Kobe Bryant
80%
Ryan Reynolds
80%
Bryan Adams
73%
Ryan Gosling
73%
Conan O'Brien
60%
Bryan Cranston
53%
Ryan Seacrest
53%
Brie Larson
47%
No matching quizzes found
Score Distribution
Percent of People with Each Score
Percentile by Number Answered
Your Score History
You have not taken this quiz since the last reset